000
00198 a2200097 4500
001
3494
100
_a
Gibbs, H
245
_a
Background to bitterness
260
_a
_b
Muller
_c
090
_c
2760
_d
2760
942
_a
NUST-CAE
_c
M
_c
19558
999
_c
238567
_d
238567